Atlas de anatomía palpatoria: (Registro nro. 1737)
[ vista simple ]
| 000 -CABECERA | |
|---|---|
| Campo de control interno | 00804nam a22002777a 4500 |
| 005 - FECHA Y HORA DE LA CATALOGACION | |
| Campo de control | 20260113141812.0 |
| 008 - ELEMENTOS DE LONGITUD FIJA - INFORMACION | |
| Elementos de Longitud Fija - Informaci | 260113t2024 sp ||||| |||| 00| 0 spa d |
| 020 ## - ISBN | |
| ISBN | 978-2-294-78048-6 |
| 040 ## - ORIGEN DE LA CATALOGACION | |
| Origen de la Catalogación | Iste |
| 041 ## - CODIGO DE LENGUAJE | |
| Código de lenguaje del texto | spa |
| 044 ## - CODIGO ISO DE PAIS | |
| Código ISO de País | sp |
| 082 ## - NUMERO DE CLASIFICACION CDU | |
| Clasificacion | 612:612.7 |
| Cutter | T544 |
| 100 ## - AUTOR PERSONAL | |
| Autor Personal | Tixa, Serge |
| Titulos u otras palabras asociadas al nombre | Autor |
| Rol del Autor | Autor |
| 9 (RLIN) | 8705 |
| 245 ## - TÍTULO GENERAL | |
| Título | Atlas de anatomía palpatoria: |
| Subtítulo | miembro inferior tomo 2 |
| 250 ## - EDICION | |
| Edición | 6a. ed. |
| 260 ## - EDITORIAL | |
| Ciudad - País | Barcelona - España |
| Nombre de la Editorial | Elsevier |
| Fecha | 2024 |
| 300 ## - DESCRIPCION | |
| Número de páginas | 286 páginas, |
| Información descriptiva | gráficos, ilustraciones, tablas. |
| 650 ## - DESCRIPTORES - TEMAS | |
| Temas - Descriptores | CADERA |
| 9 (RLIN) | 8711 |
| 650 ## - DESCRIPTORES - TEMAS | |
| Temas - Descriptores | RODILLA |
| 9 (RLIN) | 8712 |
| 650 ## - DESCRIPTORES - TEMAS | |
| Temas - Descriptores | TOBILLO |
| 9 (RLIN) | 8713 |
| 650 ## - DESCRIPTORES - TEMAS | |
| Temas - Descriptores | PIE |
| 9 (RLIN) | 8714 |
| 650 ## - DESCRIPTORES - TEMAS | |
| Temas - Descriptores | APROXIMACIÓN TRANSVERSAL |
| 9 (RLIN) | 8715 |
| 653 ## - CATEGORIAS | |
| Categorías Secundarias | TECNOLOGÍA Y CIENCIAS MÉDICAS |
| 653 ## - CATEGORIAS | |
| Categorías Secundarias | TERAPÉUTICA |
| 942 ## - ELEMENTOS DE KOHA | |
| Esquema de Clasificacion | Clasificación decimal universal |
| Tipo de Documento | Libros |
| Catalogador | Usuario Catalogador |
| Estatus retirado | Estado de pérdida | Fuente de Clasificacion | Estado de daño | No para préstamo | Carrera | Dependencia | Dependencia | Estado | Fecha de Adquisición | Vía de adquisición | Inventario | Total de préstamos | CDU | Código de barras | Visto por última vez | Numero de copia o ejemplar | Tipo de Item |
|---|---|---|---|---|---|---|---|---|---|---|---|---|---|---|---|---|---|
| Clasificación decimal universal | Rehabilitación Física | ISTE BG DRS | ISTE BG DRS | Disponible | 2026-01-13 | Donación | BLDS03107 | 612:612.7 T544 | BG26010017 | 2026-01-13 | Ej. 1 | Libros |
